00906nam a22002411 450000100060000000300080000600500170001400800410003103500190007204000320009104100080012308200230013110000330015424501120018726000520029930000250035150400430037665000260041970000430044594200120048899900170050095201470051729099BD-RjUL20211209051355.0140402s1966 nyu b 000 0 eng  a(BD-RjUL)29184 aDLCcDLCdDLCdBD-RjULbeng aeng00a616.8982bHOH 19661 aHoffer, Abram,d1917-98886510aHow to live with schizophrenia /cby Abram Hoffer and Humphry Osmond. With a foreword by Nolan D. C. Lewis. aNew Hyde Park, N.Y. :bUniversity Books,c1966. axi, 177 p. ;c24 cm. aBibliography: p. [171]-172. and index. 0aSchizophrenia.9542211 aOsmond, Humphry,ejoint author.988866 2ddccBK c29099d29099 00102ddc40728NFICaRUCLbRUCLcReadingd1967-06-17eAsia Foundation, Gift.l0o616.8982 HOH 1966r2014-04-02 00:00:00tC-1w2014-04-02yBK